| 000 | 00484 a2200169 4500 | ||
|---|---|---|---|
| 001 | 069092 | ||
| 003 | OSt | ||
| 005 | 20220409120810.0 | ||
| 008 | |||
| 082 |
_a300 _bO4U |
||
| 100 | 1 | _aOliver, Paul | |
| 245 | 1 |
_aUnderstanding the research process _cby Paul Oliver |
|
| 260 |
_aNew Delhi _bSage Publications _c2010 |
||
| 300 | _a151p. | ||
| 653 | _aSocial sciences--Research; Education--Research; Research--Methodology; Research | ||
| 942 |
_2ddc _cBK |
||
| 999 |
_c2702 _d2702 |
||